[Event "Mittelfranken Landesliga Sued 2223"]
[Site "Mittelfranken"]
[Date "2023.02.05"]
[Round "6.7"]
[White "Hahn, Christoph"]
[Black "Demir, Bilal"]
[Result "1-0"]
[WhiteElo "2142"]
[BlackElo "1982"]
[PlyCount "99"]
[EventDate "2022.10.09"]
[EventType "team-tourn"]
[EventRounds "9"]
[EventCountry "GER"]
[SourceTitle "EXT 2024"]
[Source "ChessBase"]
[SourceDate "2023.10.10"]
[SourceVersion "1"]
[SourceVersionDate "2023.10.10"]
[SourceQuality "1"]
[WhiteTeam "Kriegshaber"]
[BlackTeam "Unterhaching"]
[WhiteTeamCountry "GER"]
[BlackTeamCountry "GER"]

1. d4 Nf6 2. Nc3 d5 3. Bf4 e6 4. Nb5 Na6 5. e3 c6 6. Nc3 Nc7 7. a3 Bd6 8. Bd3 0-0 9. Nf3 Bxf4 10. exf4 Qd6 11. Ne5 b6 12. Ne2 Ba6 13. Bxa6 Nxa6 14. Qd3 Nb8 15. g4 c5 16. c3 Nc6 17. h4 Qc7 18. f3 Rac8 19. Kf2 Na5 20. b4 Nc4 21. h5 Nd6 22. Rac1 Nd7 23. g5 Rfd8 24. g6 fxg6 25. hxg6 h6 26. Nf7 Nxf7 27. gxf7+ Kxf7 28. f5 e5 29. dxc5 Nf6 30. c4 e4 31. fxe4 dxe4 32. Qh3 Rd3 33. Qg2 Rf3+ 34. Ke1 Rxf5 35. c6 Qxc6 36. Nd4 Qd7 37. Nxf5 Qxf5 38. Rf1 Qe5 39. Qf2 Kg8 40. Qf4 Qb2 41. Qe3 Ng4 42. Qc3 Qh2 43. Rc2 Qh4+ 44. Kd1 Qg5 45. Re1 Qf4 46. Rd2 e3 47. Rd4 Qf5 48. Kc1 Re8 49. c5 bxc5 50. Qc4+ 1-0

[Event "Mittelfranken Landesliga Sued 2223"]
[Site "Mittelfranken"]
[Date "2022.11.27"]
[Round "3.7"]
[White "Demir, Bilal"]
[Black "Spiesberger, Gerhard"]
[Result "1/2-1/2"]
[WhiteElo "1982"]
[BlackElo "1984"]
[PlyCount "43"]
[EventDate "2022.10.09"]
[EventType "team-tourn"]
[EventRounds "9"]
[EventCountry "GER"]
[SourceTitle "EXT 2024"]
[Source "ChessBase"]
[SourceDate "2023.10.10"]
[SourceVersion "1"]
[SourceVersionDate "2023.10.10"]
[SourceQuality "1"]
[WhiteTeam "Unterhaching"]
[BlackTeam "Rottal Inn"]
[WhiteTeamCountry "GER"]
[BlackTeamCountry "GER"]

1. d4 e6 2. Nf3 f5 3. g3 Nf6 4. Bg2 Be7 5. 0-0 0-0 6. b3 d5 7. c4 c6 8. Bb2 Bd7 9. Qd3 Be8 10. Nbd2 Ne4 11. Ne5 Nd7 12. Nxd7 Qxd7 13. f3 Nxd2 14. Qxd2 Bg6 15. e4 fxe4 16. fxe4 dxe4 17. Qe3 Rxf1+ 18. Rxf1 Bf6 19. Bxe4 Bxe4 20. Qxe4 c5 21. Rxf6 gxf6 22. Qg4+ 1/2-1/2

[Event "Mittelfranken Landesliga Sued 2122"]
[Site "Mittelfranken"]
[Date "2022.04.03"]
[Round "7.6"]
[White "Demir, Bilal"]
[Black "Schrader, Jan Erik"]
[Result "0-1"]
[WhiteElo "2030"]
[BlackElo "2012"]
[PlyCount "60"]
[EventDate "2021.10.24"]
[EventType "team-tourn"]
[EventRounds "9"]
[EventCountry "GER"]
[SourceTitle "EXT 2024"]
[Source "ChessBase"]
[SourceDate "2023.10.10"]
[SourceVersion "1"]
[SourceVersionDate "2023.10.10"]
[SourceQuality "1"]
[WhiteTeam "Unterhaching"]
[BlackTeam "Groebenzell II"]
[WhiteTeamCountry "GER"]
[BlackTeamCountry "GER"]

1. e4 e6 2. d4 d5 3. Nd2 Nf6 4. e5 Nfd7 5. Bd3 c5 6. c3 Nc6 7. Ne2 cxd4 8. cxd4 f6 9. Nf4 Nxd4 10. Qh5+ Ke7 11. Ng6+ hxg6 12. exf6+ Nxf6 13. Qxh8 Kf7 14. 0-0 e5 15. Nb3 Nf5 16. Bg5 e4 17. Be2 Qb6 18. Qh3 Be6 19. Rfd1 Bd6 20. g4 Nh6 21. Bxf6 Kxf6 22. Nd4 Bd7 23. Qg2 Nf7 24. Kh1 Be5 25. Nb3 Rh8 26. h3 Ng5 27. Rxd5 Nxh3 28. g5+ Nxg5+ 29. Kg1 Nh3+ 30. Kf1 Nf4 0-1

[Event "Mittelfranken Landesliga Sued 2122"]
[Site "Mittelfranken"]
[Date "2022.03.20"]
[Round "4.6"]
[White "Koester, Roman"]
[Black "Demir, Bilal"]
[Result "1-0"]
[WhiteElo "2065"]
[BlackElo "2030"]
[PlyCount "129"]
[EventDate "2021.10.24"]
[EventType "team-tourn"]
[EventRounds "9"]
[EventCountry "GER"]
[SourceTitle "EXT 2024"]
[Source "ChessBase"]
[SourceDate "2023.10.10"]
[SourceVersion "1"]
[SourceVersionDate "2023.10.10"]
[SourceQuality "1"]
[WhiteTeam "Muenchen Tarrasch"]
[BlackTeam "Unterhaching"]
[WhiteTeamCountry "GER"]
[BlackTeamCountry "GER"]

1. d4 c5 2. d5 e5 3. Nc3 d6 4. e4 Be7 5. g3 Bg5 6. Nge2 Bxc1 7. Qxc1 Nf6 8. Qg5 0-0 9. Bg2 Na6 10. 0-0 c4 11. h3 Bd7 12. Qd2 b5 13. a3 Nc5 14. g4 a5 15. Ng3 Kh8 16. Rae1 b4 17. axb4 axb4 18. Nd1 Qb6 19. Kh2 b3 20. cxb3 Qxb3 21. f4 Nd3 22. Re3 Qb6 23. fxe5 dxe5 24. g5 Ng8 25. Ref3 f6 26. Nh5 Be8 27. Ng3 Nf4 28. gxf6 Rxf6 29. Ne3 Rc8 30. Ng4 Nxg2 31. Nxf6 Nh4 32. Ng4 Nxf3+ 33. Rxf3 Rb8 34. Nxe5 Qxb2 35. Nxc4 Qa1 36. Rf1 Qa6 37. Ne3 Bg6 38. Rf2 Re8 39. Qd4 Qd6 40. Kg2 Nf6 41. Nc4 Qd7 42. Ne5 Qd6 43. Nxg6+ hxg6 44. Re2 Nd7 45. Nf1 Ne5 46. Rf2 Qd7 47. Ng3 Qd6 48. Qe3 Rf8 49. Rxf8+ Qxf8 50. Ne2 Qf6 51. Qf4 Qe7 52. Nd4 g5 53. Qf5 Nc4 54. Qc8+ Kh7 55. Qxc4 Qxe4+ 56. Kf2 Qf4+ 57. Ke2 Qh2+ 58. Kd3 Qxh3+ 59. Kd2 g4 60. Qd3+ Kg8 61. Qxh3 gxh3 62. Nf3 g5 63. Nh2 Kf7 64. Ke3 Kf6 65. Ke4 1-0

[Event "Mittelfranken Landesliga Sued 2122"]
[Site "Mittelfranken"]
[Date "2021.11.14"]
[Round "2.6"]
[White "Kuhn, Hubert"]
[Black "Demir, Bilal"]
[Result "1/2-1/2"]
[WhiteElo "1972"]
[BlackElo "2030"]
[PlyCount "110"]
[EventDate "2021.10.24"]
[EventType "team-tourn"]
[EventRounds "9"]
[EventCountry "GER"]
[SourceTitle "EXT 2024"]
[Source "ChessBase"]
[SourceDate "2023.10.10"]
[SourceVersion "1"]
[SourceVersionDate "2023.10.10"]
[SourceQuality "1"]
[WhiteTeam "Muenchen Zugzwang II"]
[BlackTeam "Unterhaching"]
[WhiteTeamCountry "GER"]
[BlackTeamCountry "GER"]

1. d4 c5 2. d5 e5 3. e4 d6 4. Nf3 Be7 5. Bd3 Nf6 6. Nc3 0-0 7. 0-0 Ne8 8. Nd2 Na6 9. Nc4 Nac7 10. a4 b6 11. f4 exf4 12. Bxf4 Nf6 13. Qf3 Ba6 14. Rad1 b5 15. axb5 Nxb5 16. e5 Nd4 17. Qh3 Bc8 18. exf6 Bxh3 19. fxe7 Qxe7 20. gxh3 Rad8 21. Kh1 f5 22. Rde1 Qf6 23. Re3 Rd7 24. Rfe1 h6 25. Re6 Nxe6 26. dxe6 Rb7 27. Bxd6 Re8 28. e7 Qd4 29. Re5 g6 30. Bxc5 Qf4 31. Kg2 Rc7 32. Be3 Qh4 33. Bc5 Rexe7 34. Bxe7 Rxe7 35. Rxe7 Qxe7 36. Ne2 Kg7 37. Kg3 Qc7+ 38. Kg2 Kf6 39. h4 Qc5 40. Ng3 Qd5+ 41. Kh3 Qf3 42. Be2 Qf4 43. h5 g5 44. Kg2 Qd4 45. Bd3 Qd5+ 46. Kf2 f4 47. Ne4+ Ke7 48. b3 g4 49. Ned6 Qxh5 50. Nf5+ Kd8 51. Kg1 f3 52. Nce3 Qg5 53. Kf2 Qf4 54. Nf1 h5 55. N5e3 Kc8 1/2-1/2

[Event "TUR Cup"]
[Site "Antalya"]
[Date "2020.01.28"]
[Round "4"]
[White "Demir, Bilal"]
[Black "Bacak, Muhammed Kaan"]
[Result "0-1"]
[WhiteElo "1964"]
[BlackElo "2158"]
[PlyCount "66"]
[EventDate "2020.01.26"]
[EventType "swiss"]
[EventRounds "11"]
[EventCountry "TUR"]
[SourceTitle "CBM 194 Extra"]
[Source "ChessBase"]
[SourceDate "2020.03.31"]
[SourceVersion "1"]
[SourceVersionDate "2020.03.31"]
[SourceQuality "1"]

1. e4 c5 2. c3 Nf6 3. e5 Nd5 4. Nf3 e6 5. d4 cxd4 6. cxd4 b6 7. a3 Ba6 8. Bxa6 Nxa6 9. Qe2 Nac7 10. Bg5 Be7 11. Bxe7 Qxe7 12. 0-0 0-0 13. Nbd2 f6 14. Rac1 Nf4 15. Qc4 Ncd5 16. Rfe1 fxe5 17. dxe5 Qf7 18. Qf1 Qh5 19. Kh1 Rf7 20. Rc4 Raf8 21. Rec1 g5 22. Re4 g4 23. Ng1 Ng6 24. Re2 Nxe5 25. Ne4 Nd3 26. Rcc2 N3f4 27. Red2 Qe5 28. Nc3 Nxc3 29. Rxc3 h5 30. Re3 Qg5 31. Qa6 d5 32. Ne2 Nxg2 33. Rxe6 Qxd2 0-1

[Event "Landesliga Sued 1920"]
[Site "Bayern"]
[Date "2019.12.08"]
[Round "4.6"]
[White "Demir, Bilal"]
[Black "Heuser, Philip"]
[Result "1/2-1/2"]
[WhiteElo "2047"]
[BlackElo "2036"]
[PlyCount "51"]
[EventDate "2019.09.29"]
[EventType "team-tourn"]
[EventRounds "9"]
[EventCountry "GER"]
[SourceTitle "EXT 2021"]
[Source "ChessBase"]
[SourceDate "2020.10.23"]
[SourceVersion "1"]
[SourceVersionDate "2020.10.23"]
[SourceQuality "1"]
[WhiteTeam "Unterhaching"]
[BlackTeam "Muenchen SC II"]
[WhiteTeamCountry "GER"]
[BlackTeamCountry "GER"]

1. d4 d5 2. Bf4 c5 3. c3 Nc6 4. e3 Nf6 5. Nd2 Bf5 6. Qb3 Qd7 7. Ngf3 c4 8. Qd1 e6 9. Be2 Be7 10. Nh4 Be4 11. 0-0 h6 12. Nhf3 Bh7 13. a4 0-0 14. b3 cxb3 15. Qxb3 Bd6 16. Bxd6 Qxd6 17. c4 Na5 18. Qb5 Nxc4 19. Nxc4 dxc4 20. Bxc4 Rfc8 21. Bd3 Bxd3 22. Qxd3 Qd5 23. Rfc1 Ne4 24. Rc2 Rxc2 25. Qxc2 Nd6 26. Rb1 1/2-1/2

[Event "Landesliga Sued 1819"]
[Site "Bayern"]
[Date "2019.04.07"]
[Round "9.5"]
[White "Gruettner, Ralf"]
[Black "Demir, Bilal"]
[Result "0-1"]
[WhiteElo "2024"]
[BlackElo "2100"]
[PlyCount "76"]
[EventDate "2018.10.21"]
[EventType "team-tourn"]
[EventRounds "9"]
[EventCountry "GER"]
[SourceTitle "EXT 2022"]
[Source "ChessBase"]
[SourceDate "2021.10.06"]
[SourceVersion "1"]
[SourceVersionDate "2021.10.06"]
[SourceQuality "1"]
[WhiteTeam "Freising SK"]
[BlackTeam "Unterhaching"]
[WhiteTeamCountry "GER"]
[BlackTeamCountry "GER"]

1. d4 f5 2. g3 Nf6 3. Bg2 g6 4. c4 Bg7 5. Nc3 d6 6. Nh3 0-0 7. 0-0 c6 8. d5 Bd7 9. Rb1 Na6 10. b3 Nc5 11. Bb2 Qe8 12. f3 h6 13. b4 Na6 14. a3 g5 15. e4 fxe4 16. Nxe4 Nc7 17. Nxf6+ Bxf6 18. Bxf6 Rxf6 19. f4 Bxh3 20. Bxh3 cxd5 21. fxg5 Rxf1+ 22. Bxf1 hxg5 23. cxd5 Qg6 24. Rc1 Ne8 25. Qg4 Ng7 26. Rc7 Rf8 27. Rxe7 Rxf1+ 28. Kxf1 Qf6+ 29. Kg2 Qxe7 30. Qc8+ Kh7 31. Qc2+ Kh6 32. Qf2 Qe4+ 33. Kg1 Nf5 34. Qxa7 Ne3 35. Kf2 Ng4+ 36. Kg1 Qe1+ 37. Kg2 Qe2+ 38. Kg1 Ne3 0-1

[Event "TUR Cup"]
[Site "Antalya"]
[Date "2019.01.31"]
[Round "7"]
[White "Erdal, Emre"]
[Black "Demir, Bilal"]
[Result "1/2-1/2"]
[WhiteElo "1615"]
[BlackElo "2094"]
[PlyCount "119"]
[EventDate "2019.01.27"]
[EventType "swiss"]
[EventRounds "11"]
[EventCountry "TUR"]
[SourceTitle "CBM 188 Extra"]
[Source "ChessBase"]
[SourceDate "2019.02.28"]
[SourceVersion "1"]
[SourceVersionDate "2019.02.28"]
[SourceQuality "1"]

1. e4 c5 2. c3 Nf6 3. e5 Nd5 4. d4 Nc6 5. Nf3 cxd4 6. cxd4 d6 7. exd6 Qxd6 8. Nc3 e6 9. Bc4 Be7 10. 0-0 0-0 11. Nb5 Qd8 12. Ne5 Nb6 13. Bd3 Nb4 14. Bb1 N4d5 15. Qd3 g6 16. Qf3 Nf6 17. Bh6 Re8 18. Rd1 Nbd5 19. Be4 Bd7 20. Nc3 Bc6 21. Bxd5 Bxd5 22. Qf4 Bf8 23. Bg5 Bg7 24. Nxd5 exd5 25. Qh4 Re6 26. Rd3 Qb6 27. Rb3 Qa6 28. Rc1 Ne8 29. Ng4 h5 30. Ne3 Re4 31. Qh3 Rxd4 32. g3 f5 33. Qg2 Rd3 34. Rxd3 Qxd3 35. Qxd5+ Qxd5 36. Nxd5 Kf7 37. Nc7 Rc8 38. Nxe8 Rxc1+ 39. Bxc1 Kxe8 40. b3 Kd7 41. Ba3 Ke6 42. Kf1 Kd5 43. Ke2 b5 44. Kd3 Bd4 45. f3 Bg1 46. h3 Bh2 47. g4 fxg4 48. fxg4 hxg4 49. hxg4 Bf4 50. Bb2 Be5 51. Ba3 Ba1 52. Ke3 a5 53. Kf4 Bf6 54. Bc1 Kc5 55. Ke4 Kb4 56. Kd5 a4 57. bxa4 bxa4 58. Ke6 Bd8 59. g5 Bxg5 60. Bxg5 1/2-1/2

[Event "TUR Cup"]
[Site "Antalya"]
[Date "2019.01.29"]
[Round "4"]
[White "Demir, Bilal"]
[Black "Asikoglu, Engin Can"]
[Result "1-0"]
[WhiteElo "2094"]
[BlackElo "1502"]
[PlyCount "73"]
[EventDate "2019.01.27"]
[EventType "swiss"]
[EventRounds "11"]
[EventCountry "TUR"]
[SourceTitle "CBM 188 Extra"]
[Source "ChessBase"]
[SourceDate "2019.02.28"]
[SourceVersion "1"]
[SourceVersionDate "2019.02.28"]
[SourceQuality "1"]

1. d4 Nf6 2. c4 g6 3. Nc3 Bg7 4. e4 d6 5. Be2 0-0 6. Bg5 Nbd7 7. Qd2 c5 8. d5 a6 9. f4 Rb8 10. a4 Qa5 11. Nf3 Re8 12. 0-0 Qc7 13. Rad1 b6 14. h3 h6 15. Bh4 Bb7 16. g4 e6 17. Bd3 h5 18. g5 Nh7 19. Bg3 Rbd8 20. Rde1 Bd4+ 21. Kh2 e5 22. f5 Nb8 23. Nh4 Kg7 24. Rf3 Qd7 25. Ref1 Rf8 26. Be2 Bc8 27. Bd1 Rde8 28. Rd3 Qd8 29. f6+ Kh8 30. Be1 Rg8 31. Qg2 Qd7 32. Bxh5 gxh5 33. g6 Rxg6 34. Nxg6+ fxg6 35. f7 Rf8 36. Qxg6 h4 37. Bxh4 1-0

[Event "TUR Cup"]
[Site "Antalya"]
[Date "2019.01.28"]
[Round "3"]
[White "Yilmaz, Cumhur"]
[Black "Demir, Bilal"]
[Result "1/2-1/2"]
[WhiteElo "1676"]
[BlackElo "2094"]
[PlyCount "123"]
[EventDate "2019.01.27"]
[EventType "swiss"]
[EventRounds "11"]
[EventCountry "TUR"]
[SourceTitle "CBM 188 Extra"]
[Source "ChessBase"]
[SourceDate "2019.02.28"]
[SourceVersion "1"]
[SourceVersionDate "2019.02.28"]
[SourceQuality "1"]

1. Nf3 d6 2. d4 g6 3. c3 Bg7 4. Qb3 Nf6 5. Bg5 c6 6. Nbd2 Qc7 7. e4 e5 8. Bd3 0-0 9. 0-0 Be6 10. Qc2 Nbd7 11. dxe5 dxe5 12. Bc4 Bxc4 13. Nxc4 b5 14. Ncd2 Nc5 15. Be3 Ne6 16. a4 Ng4 17. Rfe1 Nxe3 18. Rxe3 Rfd8 19. axb5 cxb5 20. Rd3 Nc5 21. Rxd8+ Rxd8 22. Nf1 Rd7 23. Ne3 Qc6 24. Nd2 Bh6 25. Nef1 Kg7 26. Nf3 f6 27. Ng3 Qd6 28. Ne1 a6 29. Kf1 Qd2 30. f3 Qxc2 31. Nxc2 Rd2 32. Nb4 Rxb2 33. Nxa6 Nxa6 34. Rxa6 Be3 35. Ra5 h5 36. h4 Bf2 37. Ne2 Bxh4 38. g3 Bg5 39. Ra7+ Kh6 40. f4 exf4 41. gxf4 Bh4 42. e5 fxe5 43. fxe5 b4 44. e6 bxc3 45. Nxc3 Rf2+ 46. Kg1 Rc2 47. Rc7 Bf6 48. Nd5 Rxc7 49. Nxc7 Be7 50. Nd5 Bc5+ 51. Kg2 Kg7 52. e7 Kf7 53. Kf3 Bxe7 54. Nf4 g5 55. Nxh5 Bd6 56. Kg4 Kg6 57. Ng3 Bxg3 58. Kxg3 Kf5 59. Kf3 g4+ 60. Kg3 Kg5 61. Kg2 Kf4 62. Kf2 1/2-1/2

[Event "Landesliga Sued 1819"]
[Site "Bayern"]
[Date "2019.01.20"]
[Round "5.5"]
[White "Wagner, Hans2"]
[Black "Demir, Bilal"]
[Result "1/2-1/2"]
[WhiteElo "2109"]
[BlackElo "2100"]
[PlyCount "39"]
[EventDate "2018.10.21"]
[EventType "team-tourn"]
[EventRounds "9"]
[EventCountry "GER"]
[SourceTitle "EXT 2022"]
[Source "ChessBase"]
[SourceDate "2021.10.06"]
[SourceVersion "1"]
[SourceVersionDate "2021.10.06"]
[SourceQuality "1"]
[WhiteTeam "Rottal Inn"]
[BlackTeam "Unterhaching"]
[WhiteTeamCountry "GER"]
[BlackTeamCountry "GER"]

1. d4 d5 2. c4 c6 3. Nf3 Nf6 4. e3 Bf5 5. Nc3 e6 6. Nh4 Bg6 7. Qb3 Qc7 8. Bd2 Nbd7 9. Rc1 Rc8 10. Be2 Be7 11. Nxg6 hxg6 12. h3 g5 13. g3 a6 14. Bf3 Qb8 15. Kf1 b5 16. cxd5 cxd5 17. Ne2 0-0 18. Kg2 Nb6 19. Rxc8 Rxc8 20. Rc1 1/2-1/2

[Event "Landesliga Sued 1819"]
[Site "Bayern"]
[Date "2018.11.11"]
[Round "2.4"]
[White "Steinheimer, Juergen"]
[Black "Demir, Bilal"]
[Result "0-1"]
[WhiteElo "2037"]
[BlackElo "2100"]
[PlyCount "76"]
[EventDate "2018.10.21"]
[EventType "team-tourn"]
[EventRounds "9"]
[EventCountry "GER"]
[SourceTitle "EXT 2022"]
[Source "ChessBase"]
[SourceDate "2021.10.06"]
[SourceVersion "1"]
[SourceVersionDate "2021.10.06"]
[SourceQuality "1"]
[WhiteTeam "Muenchen Tarrasch"]
[BlackTeam "Unterhaching"]
[WhiteTeamCountry "GER"]
[BlackTeamCountry "GER"]

1. e4 e6 2. d4 d5 3. Nd2 Be7 4. Bd3 c5 5. exd5 Qxd5 6. dxc5 Nf6 7. Ngf3 Qxc5 8. 0-0 0-0 9. Re1 Nc6 10. c3 b6 11. Qe2 Bb7 12. Ne4 Nxe4 13. Bxe4 Rad8 14. Bf4 Bf6 15. Rad1 Qe7 16. Qc2 h6 17. Qa4 Na5 18. Ne5 Rxd1 19. Rxd1 Rd8 20. Rxd8+ Qxd8 21. Bxb7 Nxb7 22. Qd7 Be7 23. Kf1 Kf8 24. Qxd8+ Nxd8 25. Ke2 Ke8 26. b4 Bd6 27. Kd3 f6 28. Ng6 Kd7 29. Kc4 a6 30. b5 a5 31. Be3 Bc7 32. Nf4 g5 33. Nh5 f5 34. f4 Nf7 35. a4 gxf4 36. Nxf4 Ne5+ 37. Kb3 Ng4 38. Bd2 Nxh2 0-1

[Event "Bayern-chI Bank Hofmann 22nd"]
[Site "Tegernsee"]
[Date "2018.10.31"]
[Round "5"]
[White "Demir, Bilal"]
[Black "Sahin, Ozgun"]
[Result "1/2-1/2"]
[WhiteElo "2069"]
[BlackElo "2208"]
[PlyCount "103"]
[EventDate "2018.10.27"]
[EventType "swiss"]
[EventRounds "9"]
[EventCountry "GER"]
[SourceTitle "CBM 187 Extra"]
[Source "ChessBase"]
[SourceDate "2018.11.04"]
[SourceVersion "1"]
[SourceVersionDate "2018.11.04"]
[SourceQuality "1"]

1. d4 d5 2. Bf4 c5 3. e3 cxd4 4. exd4 Nc6 5. c3 Nf6 6. Nf3 Bg4 7. Nbd2 e6 8. Qb3 Qc8 9. h3 Bh5 10. Be2 Be7 11. 0-0 0-0 12. Rfe1 a6 13. Ne5 Bxe2 14. Rxe2 Nxe5 15. Bxe5 Nd7 16. Bg3 b5 17. Nf3 Nb6 18. Ne5 Qb7 19. f4 Bd6 20. Bh2 Qc7 21. Qc2 Rac8 22. Qd2 a5 23. a3 Nc4 24. Qe1 b4 25. axb4 axb4 26. cxb4 Qb6 27. Qd1 Qxb4 28. b3 Nxe5 29. fxe5 Bc7 30. Bg3 Bb6 31. Ra4 Qb5 32. Be1 Qc6 33. Kh2 Ra8 34. Rc2 Qd7 35. Rca2 Rxa4 36. bxa4 Qa7 37. Bc3 f6 38. Qg4 f5 39. Qd1 Rc8 40. Ra3 Rc4 41. Qh5 Rc8 42. Qh4 Bd8 43. Qe1 Bb6 44. Qh4 Rc4 45. a5 Bxd4 46. Bxd4 Rxd4 47. Qd8+ Kf7 48. Rg3 Rd1 49. Rxg7+ Kxg7 50. Qf6+ Kg8 51. Qd8+ Kf7 52. Qf6+ 1/2-1/2

[Event "TUR-chT 1st League"]
[Site "Konya"]
[Date "2018.07.17"]
[Round "2.7"]
[White "Paksoy, Nail"]
[Black "Demir, Bilal"]
[Result "1-0"]
[WhiteElo "2129"]
[BlackElo "2078"]
[PlyCount "73"]
[EventDate "2018.07.16"]
[EventType "team-swiss"]
[EventRounds "9"]
[EventCountry "TUR"]
[SourceTitle "EXT 2019"]
[Source "ChessBase"]
[SourceDate "2018.10.10"]
[SourceVersion "1"]
[SourceVersionDate "2018.10.10"]
[SourceQuality "1"]
[WhiteTeam "Varyant Genclik"]
[BlackTeam "Burdurspor Dernegi"]
[WhiteTeamCountry "TUR"]
[BlackTeamCountry "TUR"]

1. d4 d5 2. c4 c6 3. Nc3 Nf6 4. Nf3 dxc4 5. e3 Bf5 6. Bxc4 e6 7. 0-0 Nbd7 8. Re1 Nb6 9. Bf1 Be7 10. e4 Bg6 11. a4 a5 12. Bg5 0-0 13. Qb3 Nfd7 14. Bf4 Bb4 15. Rad1 Qe7 16. Bg5 f6 17. Bh4 Qf7 18. e5 Rfe8 19. Nd2 fxe5 20. dxe5 Nc5 21. Qa2 Bxc3 22. bxc3 Qf4 23. Nf3 Qxa4 24. Qb2 Nd5 25. Nd4 Nb3 26. Ra1 Nxa1 27. Rxa1 Qxa1 28. Qxa1 a4 29. Qa3 h6 30. Bc4 Bf7 31. Ba2 g5 32. Bg3 Red8 33. h4 g4 34. Qc1 Kh7 35. Bf4 Rh8 36. h5 a3 37. Bxh6 1-0

[Event "TUR Cup										"]
[Site "Antalya"]
[Date "2018.02.01"]
[Round "8"]
[White "Demir, Bilal"]
[Black "Aslanhan, Halis"]
[Result "1/2-1/2"]
[WhiteElo "2093"]
[BlackElo "1707"]
[PlyCount "148"]
[EventDate "2018.01.27"]
[EventType "swiss"]
[EventRounds "11"]
[EventCountry "TUR"]
[SourceTitle "CBM 182 Extra"]
[Source "ChessBase"]
[SourceDate "2018.02.23"]
[SourceVersion "1"]
[SourceVersionDate "2018.02.23"]
[SourceQuality "1"]

1. e4 c5 2. c3 Nf6 3. e5 Nd5 4. Nf3 Nc6 5. d4 cxd4 6. cxd4 d6 7. exd6 Qxd6 8. Nc3 Nxc3 9. bxc3 e6 10. Bd3 Be7 11. 0-0 h6 12. Qe2 Bd7 13. a4 Qc7 14. Be3 0-0 15. Bd2 Rae8 16. Rfe1 f5 17. Bc4 Bf6 18. Ba2 Kh8 19. Ne5 Nxe5 20. dxe5 Bd8 21. Bb3 Bc6 22. Red1 Qf7 23. Be3 a6 24. Bc5 Rg8 25. Rd3 g5 26. Rad1 g4 27. Qa2 Bc7 28. Bd6 Bb6 29. a5 Ba7 30. Ba4 f4 31. Bxc6 bxc6 32. Qd2 Qh5 33. Qxf4 Rg7 34. Bf8 Bxf2+ 35. Qxf2 Rf7 36. Bg7+ Kxg7 37. Rd7 Qf5 38. Rxf7+ Kxf7 39. Qe3 Kg7 40. Rf1 Qh5 41. Qf4 Qg6 42. Qc4 Rb8 43. Qxa6 Rb1 44. Rxb1 Qxb1+ 45. Qf1 Qe4 46. Qa1 Qxe5 47. a6 Qe3+ 48. Kf1 Qd3+ 49. Kf2 Qd2+ 50. Kg1 Qe3+ 51. Kh1 Qa7 52. c4+ Kg8 53. c5 h5 54. g3 e5 55. Qa5 Qf7 56. Kg1 Qd5 57. a7 Qd1+ 58. Kf2 Qc2+ 59. Ke3 Qb3+ 60. Kd2 Qb2+ 61. Kd3 Qb3+ 62. Qc3 Qd5+ 63. Ke3 Qf3+ 64. Kd2 Qf2+ 65. Kc1 Qf1+ 66. Kc2 Qa6 67. Qxe5 Qxa7 68. Qg5+ Kf8 69. Qh6+ Kg8 70. Qxh5 Qa2+ 71. Kd3 Qb3+ 72. Ke4 Qf3+ 73. Kd4 Qd1+ 74. Kc3 Qc1+ 1/2-1/2

[Event "TUR Cup										"]
[Site "Antalya"]
[Date "2018.02.01"]
[Round "9"]
[White "Kayan, Veli"]
[Black "Demir, Bilal"]
[Result "0-1"]
[WhiteElo "1890"]
[BlackElo "2093"]
[PlyCount "72"]
[EventDate "2018.01.27"]
[EventType "swiss"]
[EventRounds "11"]
[EventCountry "TUR"]
[SourceTitle "CBM 182 Extra"]
[Source "ChessBase"]
[SourceDate "2018.02.23"]
[SourceVersion "1"]
[SourceVersionDate "2018.02.23"]
[SourceQuality "1"]

1. e4 e5 2. Nf3 d6 3. Bc4 Be7 4. 0-0 Nf6 5. d3 0-0 6. c3 Nbd7 7. Nbd2 c6 8. Bb3 Qc7 9. Re1 Nc5 10. Bc2 Re8 11. d4 Ne6 12. Nc4 exd4 13. cxd4 d5 14. Ncd2 dxe4 15. Nxe4 Bd7 16. Qd3 Nf8 17. Neg5 h6 18. Ne4 Nxe4 19. Qxe4 Bb4 20. Bf4 Qa5 21. Ne5 Bxe1 22. Rxe1 Bf5 23. Qe2 Bxc2 24. Bd2 Qd5 25. Bxh6 gxh6 26. Qxc2 Qxd4 27. Qf5 Rxe5 28. Qxe5 Qxe5 29. Rxe5 Rd8 30. Re1 Rd2 31. Rb1 Ne6 32. g3 Nc5 33. b4 Nd3 34. a4 Nxf2 35. b5 Rd1+ 36. Rxd1 Nxd1 0-1

[Event "TUR Cup										"]
[Site "Antalya"]
[Date "2018.01.30"]
[Round "5"]
[White "Koltuk, Turan"]
[Black "Demir, Bilal"]
[Result "0-1"]
[WhiteElo "1821"]
[BlackElo "2093"]
[PlyCount "150"]
[EventDate "2018.01.27"]
[EventType "swiss"]
[EventRounds "11"]
[EventCountry "TUR"]
[SourceTitle "CBM 182 Extra"]
[Source "ChessBase"]
[SourceDate "2018.02.23"]
[SourceVersion "1"]
[SourceVersionDate "2018.02.23"]
[SourceQuality "1"]

1. Nf3 Nf6 2. g3 b5 3. Bg2 Bb7 4. 0-0 e6 5. d3 d5 6. Bf4 Be7 7. c3 c5 8. a4 b4 9. cxb4 cxb4 10. Nbd2 Nc6 11. Nb3 Nd7 12. d4 0-0 13. Re1 Rc8 14. Rc1 Qb6 15. Bf1 Ba6 16. Be3 Na5 17. Nxa5 Rxc1 18. Qxc1 Rc8 19. Qd2 Qxa5 20. Rc1 Qxa4 21. Rxc8+ Bxc8 22. Qc1 Qa6 23. Ne5 Nxe5 24. dxe5 Qc4 25. Qxc4 dxc4 26. Bxa7 c3 27. bxc3 bxc3 28. Bd4 Bb4 29. e3 c2 30. Bb2 Bd2 31. Bd3 c1Q+ 32. Bxc1 Bxc1 33. Kf1 Bb7 34. Ke2 f6 35. exf6 gxf6 36. f4 f5 37. Kf2 Kf7 38. h3 Bb2 39. g4 Kf6 40. gxf5 exf5 41. Be2 Be4 42. Bf3 Bd3 43. Bd5 Be4 44. Bg8 h6 45. Bc4 Ba3 46. Bb3 Bc5 47. Bc4 Ke7 48. Be2 Kd6 49. Bc4 Bb6 50. h4 Kc5 51. Bf1 Kb4 52. Ba6 Kc3 53. Ke2 Bc6 54. Bc8 Be4 55. Ba6 Kb4 56. Bd3 Bxd3+ 57. Kxd3 Bxe3 58. Kxe3 Kc3 59. h5 Kc4 60. Ke2 Kd4 61. Kf3 Kd3 62. Kf2 Ke4 63. Kg3 Ke3 64. Kg2 Kxf4 65. Kf2 Kg4 66. Kg2 Kxh5 67. Kf3 Kg5 68. Kg3 f4+ 69. Kf3 Kf5 70. Kf2 Kg4 71. Kg2 f3+ 72. Kf2 Kf4 73. Kf1 Kg3 74. Kg1 f2+ 75. Kf1 h5 0-1

[Event "Bayern-chI Bank Hofmann 21st"]
[Site "Tegernsee"]
[Date "2017.10.29"]
[Round "2"]
[White "Demir, Bilal"]
[Black "Schnepp, Gunnar"]
[Result "1/2-1/2"]
[WhiteElo "2069"]
[BlackElo "2349"]
[PlyCount "34"]
[EventDate "2017.10.28"]
[EventType "swiss"]
[EventRounds "9"]
[EventCountry "GER"]
[SourceTitle "CBM 181 Extra"]
[Source "ChessBase"]
[SourceDate "2017.12.12"]
[SourceVersion "1"]
[SourceVersionDate "2017.12.12"]
[SourceQuality "1"]

1. e4 c5 2. c3 Nf6 3. e5 Nd5 4. Nf3 e6 5. d4 cxd4 6. cxd4 Be7 7. Bd3 Nc6 8. a3 d6 9. 0-0 Bd7 10. Nbd2 Nf4 11. Bc2 d5 12. b4 0-0 13. Nb3 Ng6 14. Qd3 Nb8 15. Nc5 a6 16. a4 Bc6 17. Bd2 b6 1/2-1/2